00777cam a2200217 a 450000100100000000500170001000800410002704000290006805000190009708200150011610000320013124500710016326000520023430000210028650400320030760000440033991000340038304900090041795201180042699900150054400000936220200929161552.0790925s1974 ec b 000 0bspa  aDO-SdBNPbspacLCdBNPHU00aPQ8219.I2bZ85 ann*bS121a1 aSackett, Theodore A.92413913aEl arte en la novelistica de Jorge Icaza /cTheodore Alan Sackett. aQuito :bCasa de la Cultura Ecuatoriana,c1974. a542 p. ;c22 cm. aBibliografía: p. 509-511.10aIcaza, Jorge,d1906-xTechnique.924140 aCatalogación por copia / LC aBNGR 001052708MOaGRbGRcCTd2009-09-29iLF1l0onn* S121ap9362-10r2020-06-25w2020-06-25y2ZPréstamo interno c9122d9122